| 000 | 00435nam a2200145 i 4500 | ||
|---|---|---|---|
| 001 | 97020 | ||
| 003 | ES-MaACL | ||
| 005 | 20230906182024.0 | ||
| 007 | t| | ||
| 008 | 050705s1966 sp ||||1| spa d | ||
| 245 | 0 | 0 |
_aManual de instrucciones. _b: cosechadora Massey-Ferguson... |
| 260 |
_aPamplona : _b[s.n.], _c1966 ( _fGráf. Irujo) |
||
| 300 |
_a74 p. con 2 lám. una pleg. : _bil. ; _c21 cm. |
||
| 852 |
_aES-MaACL _jC-29378 _bR.59691 |
||
| 999 |
_c97020 _d97020 |
||